Can contractors be green? (Record no. 78455)

MARC details
000 -LEADER
fixed length control field 01107cab a2200205 4500
001 - CONTROL NUMBER
control field ##L136812
008 - FIXED-LENGTH DATA ELEMENTS--GENERAL INFORMATION
fixed length control field 070226n2007 000 0 eng u
035 ## - SYSTEM CONTROL NUMBER
System control number (Sirsi) u136812
041 0# - LANGUAGE CODE
Language code of text/sound track or separate title eng
100 1# - MAIN ENTRY--PERSONAL NAME
Personal name Mylius, Andrew
245 00 - TITLE STATEMENT
Title Can contractors be green?
260 ## - PUBLICATION, DISTRIBUTION, ETC.
Date of publication, distribution, etc. 2007
490 #0 - SERIES STATEMENT
Series statement New Civil Engineer
Volume/sequential designation (1655) 15 February 2007, 18-21(3)
520 ## - SUMMARY, ETC.
Summary, etc. Looks at measures contractors are taking to meet government's sustainability targets. Kier has cut back on materials waste and its use of water and electricity during 2006, is also operating car-sharing schemes, and has recently gained ISO14001 certification. Carillion has also been pursuing the joint objectives of environmental and commercial efficiency for several years. Argues that responding to climate change can involve simple measures, such as using recycled materials, having goods delivered without packaging, manufacturing more through factories, and segregating waste on site.
590 ## - LOCAL NOTE (RLIN)
Local note KA
650 24 - SUBJECT ADDED ENTRY--TOPICAL TERM
Topical term or geographic name entry element ISO14001
651 #4 - SUBJECT ADDED ENTRY--GEOGRAPHIC NAME
Geographic name United Kingdom
Chronological subdivision
690 ## - LOCAL SUBJECT ADDED ENTRY--TOPICAL TERM (OCLC, RLIN)
Topical term or geographic name as entry element BUILT ENVIRONMENT-SUSTAINABLE CONSTRUCTION
942 ## - ADDED ENTRY ELEMENTS (KOHA)
Suppress in OPAC 0
Holdings
Withdrawn status Lost status Source of classification or shelving scheme Damaged status Not for loan Home library Current library Shelving location Date acquired Total Checkouts Full call number Barcode Date last seen Copy number Price effective from Koha item type
    Dewey Decimal Classification     London London Journal article 26/02/2007   L136812 136812-1001 06/08/2019 1 06/08/2019 Journal article